National Service Scheme : (Record no. 521925)

MARC details
000 -LEADER
fixed length control field 00872nam a2200265 a 4500
001 - CONTROL NUMBER
control field vtls001218315
003 - CONTROL NUMBER IDENTIFIER
control field NLI
005 - DATE AND TIME OF LATEST TRANSACTION
control field 20210603170836.0
008 - FIXED-LENGTH DATA ELEMENTS--GENERAL INFORMATION
fixed length control field 120525s1971 ii s000 0 eng
039 #9 - LEVEL OF BIBLIOGRAPHIC CONTROL AND CODING DETAIL [OBSOLETE]
Level of rules in bibliographic description 201205252220
Level of effort used to assign nonsubject heading access points VLOAD
-- 201203282056
-- VLOAD
040 0# - CATALOGING SOURCE
Original cataloging agency NLI
Language of cataloging eng
Transcribing agency Datasoft_IOD
Description conventions AACR2
041 0# - LANGUAGE CODE
Language code of text/sound track or separate title eng
044 ## - COUNTRY OF PUBLISHING/PRODUCING ENTITY CODE
MARC country code ii
082 04 - DEWEY DECIMAL CLASSIFICATION NUMBER
Classification number 369.43(54)
110 1# - MAIN ENTRY--CORPORATE NAME
Corporate name or jurisdiction name as entry element India.
Subordinate unit Ministry of Education and Youth Services
9 (RLIN) 6160
245 10 - TITLE STATEMENT
Title National Service Scheme :
Remainder of title Spotlight on its objectives and work /
Statement of responsibility, etc. Ministry of education and youth service
260 ## - PUBLICATION, DISTRIBUTION, ETC.
Place of publication, distribution, etc. New Delhi :
Name of publisher, distributor, etc. Govt of India Press,
Date of publication, distribution, etc. 1971
300 ## - PHYSICAL DESCRIPTION
Extent 48 p. ;
Dimensions 28 cm.
650 #0 - SUBJECT ADDED ENTRY--TOPICAL TERM
Topical term or geographic name entry element Cost and standard of living
Geographic subdivision India
9 (RLIN) 194185
650 #0 - SUBJECT ADDED ENTRY--TOPICAL TERM
Topical term or geographic name entry element Scouts and scouting
Geographic subdivision India
9 (RLIN) 200429
887 ## - NON-MARC INFORMATION FIELD
Content of non-MARC field
901 ## - LOCAL DATA ELEMENT A, LDA (RLIN)
a 62225 date
b 31.8.1971
902 ## - LOCAL DATA ELEMENT B, LDB (RLIN)
a GP 369.43(54) I n 2 n
942 ## - ADDED ENTRY ELEMENTS (KOHA)
Source of classification or shelving scheme Dewey Decimal Classification
Koha item type Books
Holdings
Withdrawn status Lost status Damaged status Not for loan Collection code Home library Current library Shelving location Date acquired Total Checkouts Full call number Date last seen Price effective from Koha item type
        Government Publications National Library of India National Library of India Annexe Reading Room & Stack Division     GP 369.43(54) I n 2 n 03/06/2021 03/06/2021 Books
                                                                           
web counter

Copyright ©2020 The National Library of India, Govt. of India ↔ Hosted by NVLI, MOC ↔ Technology and Design by National Library of India, Ministry of Culture, Govt. of India